000 00666cam a2200241 4500500
005 20260405002537.0
041 _afre
042 _adc
100 1 0 _ade Saint Maurice, Thibaut
_eauthor
245 0 0 _aUne odyssée
260 _c2017.
500 _a66
690 _aCours
690 _aDaniel Mendelsohn
690 _aFils
690 _aHomère
690 _aOdyssée
690 _aPère
690 _aPhilippe Chevallier
690 _aTransmission
786 0 _nPhilosophie magazine | 113 | 10 | 2017-10-01 | p. 47-49 | 1951-1787
856 4 1 _uhttps://shs.cairn.info/magazine-philosophie-magazine-2017-10-page-47?lang=fr&redirect-ssocas=7080
999 _c2058708
_d2058708